Electromagnetic metamaterials (E Book) (Record no. 211223)

000 -LEADER
fixed length control field 02692 a2200445 4500
003 - CONTROL NUMBER IDENTIFIER
control field Nust
005 - DATE AND TIME OF LATEST TRANSACTION
control field 20170207165241.0
020 ## - INTERNATIONAL STANDARD BOOK NUMBER
International Standard Book Number 9780471754329
020 ## - INTERNATIONAL STANDARD BOOK NUMBER
International Standard Book Number 9780471754329
024 7# - OTHER STANDARD IDENTIFIER
Standard number or code 10.1002/0471754323
035 ## - SYSTEM CONTROL NUMBER
System control number (EBZ)ebs554776e
035 ## - SYSTEM CONTROL NUMBER
System control number (OCoLC)62325975
035 ## - SYSTEM CONTROL NUMBER
System control number (WaSeSS)ssj0000145116
035 ## - SYSTEM CONTROL NUMBER
System control number (WaSeSS)ssj0000145116
040 ## - CATALOGING SOURCE
Transcribing agency Nust
082 04 - DEWEY DECIMAL CLASSIFICATION NUMBER
Classification number 620.1/18
100 1# - MAIN ENTRY--PERSONAL NAME
Personal name Caloz, Christophe,
245 10 - TITLE STATEMENT
Title Electromagnetic metamaterials (E Book)
Medium [Elektronisk resurs] :
Remainder of title transmission line theory and microwave applications : the engineering approach /
Statement of responsibility, etc. Christophe Caloz, Tatsuo Itoh.
260 ## - PUBLICATION, DISTRIBUTION, ETC.
Place of publication, distribution, etc. Hoboken, N.J. :
Name of publisher, distributor, etc. John Wiley & Sons,
Date of publication, distribution, etc. 2006.
300 ## - PHYSICAL DESCRIPTION
Extent 1 online resource (xviii, 352 p.) :
Other physical details ill.
500 ## - GENERAL NOTE
General note "Wiley-Interscience publication."
505 0# - FORMATTED CONTENTS NOTE
Formatted contents note Fundamentals of LH MTMs -- TL theory of MTMs -- Two-dimensional MTMs -- Guided-wave applications -- Radiated-wave applications -- The future of MTMs.
650 #0 - SUBJECT ADDED ENTRY--TOPICAL TERM
Topical term or geographic name entry element Magnetic materials.
650 #0 - SUBJECT ADDED ENTRY--TOPICAL TERM
Topical term or geographic name entry element Materiais magn�ticos.
650 #0 - SUBJECT ADDED ENTRY--TOPICAL TERM
Topical term or geographic name entry element Metamaterials.
650 #0 - SUBJECT ADDED ENTRY--TOPICAL TERM
Topical term or geographic name entry element Microwave transmission lines.
650 #0 - SUBJECT ADDED ENTRY--TOPICAL TERM
Topical term or geographic name entry element Nanostructured materials.
650 #0 - SUBJECT ADDED ENTRY--TOPICAL TERM
Topical term or geographic name entry element TECHNOLOGY & ENGINEERING
General subdivision Material Science.
655 #4 - INDEX TERM--GENRE/FORM
Genre/form data or focus term Electronic books.
655 #4 - INDEX TERM--GENRE/FORM
Genre/form data or focus term Electronic books.
700 1# - ADDED ENTRY--PERSONAL NAME
Personal name Itoh, Tatsuo.
856 42 - ELECTRONIC LOCATION AND ACCESS
Materials specified John Wiley
Uniform Resource Identifier <a href="http://dx.doi.org/10.1002/0471754323">http://dx.doi.org/10.1002/0471754323</a>
856 42 - ELECTRONIC LOCATION AND ACCESS
Uniform Resource Identifier <a href="http://ezproxy.its.uu.se/login?url=http://ieeexplore.ieee.org/servlet/opac?bknumber=5237794">http://ezproxy.its.uu.se/login?url=http://ieeexplore.ieee.org/servlet/opac?bknumber=5237794</a>
856 42 - ELECTRONIC LOCATION AND ACCESS
Uniform Resource Identifier <a href="http://link.sub.su.se/sfxsub?url_ver=Z39.88-2004&ctx_ver=Z39.88-2004&ctx_enc=info:ofi/enc:UTF-8&rfr_id=info:sid/sfxit.com:opac_856&url_ctx_fmt=info:ofi/fmt:kev:mtx:ctx&sfx.ignore_date_threshold=1&rft.object_id=1000000000355461&svc_val_fmt=info:ofi/fmt:kev:mtx:sch_svc&">http://link.sub.su.se/sfxsub?url_ver=Z39.88-2004&ctx_ver=Z39.88-2004&ctx_enc=info:ofi/enc:UTF-8&rfr_id=info:sid/sfxit.com:opac_856&url_ctx_fmt=info:ofi/fmt:kev:mtx:ctx&sfx.ignore_date_threshold=1&rft.object_id=1000000000355461&svc_val_fmt=info:ofi/fmt:kev:mtx:sch_svc&</a>
856 42 - ELECTRONIC LOCATION AND ACCESS
Uniform Resource Identifier <a href="http://proxy.lib.chalmers.se/login?url=http://ieeexplore.ieee.org/servlet/opac?bknumber=5237794">http://proxy.lib.chalmers.se/login?url=http://ieeexplore.ieee.org/servlet/opac?bknumber=5237794</a>
856 42 - ELECTRONIC LOCATION AND ACCESS
Uniform Resource Identifier <a href="http://proxy.lib.chalmers.se/login?url=http://library.books24x7.com/library.asp?^B&bookid=22680">http://proxy.lib.chalmers.se/login?url=http://library.books24x7.com/library.asp?^B&bookid=22680</a>
856 42 - ELECTRONIC LOCATION AND ACCESS
Uniform Resource Identifier <a href="http://sfxeu10.hosted.exlibrisgroup.com/sfxkth?url_ver=Z39.88-2004&ctx_ver=Z39.88-2004&ctx_enc=info:ofi/enc:UTF-8&rfr_id=info:sid/sfxit.com:opac_856&url_ctx_fmt=info:ofi/fmt:kev:mtx:ctx&sfx.ignore_date_threshold=1&rft.object_id=1000000000355461&svc_val_fmt=info:ofi/fmt:kev:mtx:sch_svc&">http://sfxeu10.hosted.exlibrisgroup.com/sfxkth?url_ver=Z39.88-2004&ctx_ver=Z39.88-2004&ctx_enc=info:ofi/enc:UTF-8&rfr_id=info:sid/sfxit.com:opac_856&url_ctx_fmt=info:ofi/fmt:kev:mtx:ctx&sfx.ignore_date_threshold=1&rft.object_id=1000000000355461&svc_val_fmt=info:ofi/fmt:kev:mtx:sch_svc&</a>
856 42 - ELECTRONIC LOCATION AND ACCESS
Uniform Resource Identifier <a href="http://sfxeu11.hosted.exlibrisgroup.com/sfxkib?url_ver=Z39.88-2004&ctx_ver=Z39.88-2004&ctx_enc=info:ofi/enc:UTF-8&rfr_id=info:sid/sfxit.com:opac_856&url_ctx_fmt=info:ofi/fmt:kev:mtx:ctx&sfx.ignore_date_threshold=1&rft.object_id=1000000000355461&svc_val_fmt=info:ofi/fmt:kev:mtx:sch_svc&">http://sfxeu11.hosted.exlibrisgroup.com/sfxkib?url_ver=Z39.88-2004&ctx_ver=Z39.88-2004&ctx_enc=info:ofi/enc:UTF-8&rfr_id=info:sid/sfxit.com:opac_856&url_ctx_fmt=info:ofi/fmt:kev:mtx:ctx&sfx.ignore_date_threshold=1&rft.object_id=1000000000355461&svc_val_fmt=info:ofi/fmt:kev:mtx:sch_svc&</a>
856 42 - ELECTRONIC LOCATION AND ACCESS
Uniform Resource Identifier <a href="https://lt.ltag.bibl.liu.se/login?url=http://www.books24x7.com/marc.asp?bookid=22680">https://lt.ltag.bibl.liu.se/login?url=http://www.books24x7.com/marc.asp?bookid=22680</a>
942 ## - ADDED ENTRY ELEMENTS (KOHA)
Source of classification or shelving scheme
Koha item type Book
Holdings
Withdrawn status Lost status Source of classification or shelving scheme Damaged status Not for loan Collection code Permanent Location Current Location Date acquired Total Checkouts Full call number Barcode Date last seen Price effective from Koha item type
            Military College of Signals (MCS) Military College of Signals (MCS) 12/12/2016   620.1 MCSEB-1747 12/08/2016 12/12/2016 Book
© 2023 Central Library, National University of Sciences and Technology. All Rights Reserved.